UBT Library

LABORATORY AND DIAGNOSTIC TESTS WITH NURSING IMPLICATIONS (Record no. 2620)

000 -LEADER
fixed length control field 00326nam a22001097a 4500
008 - FIXED-LENGTH DATA ELEMENTS--GENERAL INFORMATION
fixed length control field 170110b xxu||||| |||| 00| 0 eng d
020 ## - INTERNATIONAL STANDARD BOOK NUMBER
International Standard Book Number 9780803614642
041 ## - LANGUAGE CODE
Language code of text/sound track or separate title eng
080 ## - UNIVERSAL DECIMAL CLASSIFICATION NUMBER
Edition identifier 2ND
Universal Decimal Classification number 618.2
245 ## - TITLE STATEMENT
Title LABORATORY AND DIAGNOSTIC TESTS WITH NURSING IMPLICATIONS
Statement of responsibility, etc VAN LEEUWEN, A.M & KRANPITZ, T.R & SMITH, L
942 ## - ADDED ENTRY ELEMENTS (KOHA)
Source of classification or shelving scheme
Item type Books
Holdings
Withdrawn status Lost status Source of classification or shelving scheme Damaged status Not for loan Collection code Permanent location Current location Shelving location Date acquired Total Checkouts Full call number Barcode Date last seen Price effective from Koha item type
          Koleksioni i përgjithshem UBT - Lipjan UBT - Lipjan Koleksioni i përgjithshem 01/10/2017   618.2 VAN 002-029570 01/10/2017 01/10/2017 Books
UBT Library © 2015-2024. All rights reserved University Education for Business and Technology